000 02925nam0a2200337 4500
001 RU\NLR\BIBL_A\011706813
005 20250122123210.0
010 _a978-5-906908-93-3
_9100
021 _aRU
_bКН-П-18-028427
_9КН-П-18-2078
035 _a(NLR Aleph) 011706813
035 _a(RuMoRGB)009606895
090 _a11414243
_c11414243
100 _a20180518d2017 k y0rusy50 ca
101 0 _arus
102 _aRU
105 _aa|||z|||100zy
200 1 _aИнновационные процессы в химическом образовании в контексте современной образовательной политики
_eматериалы V Всероссийской научно-практической конференции с международным участием
_fМинистерство образования и науки РФ, Федеральное государственное бюджетное образовательное учреждение высшего образования "Южно-Уральский государственный гуманитарно-педагогический университет", Федеральное государственное бюджетное образовательное учреждение высшего образования "Московский государственный университет имени М. В. Ломоносова"
_g[редколлегия: Г.В. Лисичкин, д.х.н., проф., пред. и др.]
210 _aЧелябинск
_cИзд-во Южно-Уральского государственного гуманитарно-педагогического университета
_d2017
215 _a254 с.
_cил., табл.
_d21
320 _aБиблиогр. в конце ст.
606 1 _aХимическое образование
_xИнновации
_jСъезды, совещания и т.п
_2nlr_sh2
_3RU\NLR\AUTH\6601749761
686 1 _aЧ458.312я431
702 1 _aЛисичкин
_bГ. В.
_gГеоргий Васильевич
_4340
711 1 2 _a"Инновационные процессы в химическом образовании в контексте современной образовательной политики", всероссийская научно-практическая конференция с международным участием
_d5
_f2017
_eЧелябинск
_3RU\NLR\AUTH\880471884
712 0 2 _aЮжно-Уральский государственный гуманитарно-педагогический университет
_cЧелябинск
_3RU\NLR\AUTH\880435945
_4557
942 _cBOOK
980 _aNBR
980 _aNB